| 000 | 00467nam a22001577a 4500 | ||
|---|---|---|---|
| 003 | macl | ||
| 005 | 20170525122605.0 | ||
| 008 | 170525b xxu||||| |||| 00| 0 eng d | ||
| 040 | _cmacl | ||
| 082 | _a891.433/DEE | ||
| 100 |
_aद्विवेदी,वेदव्रत _967207 |
||
| 245 | _aसंताें की कथाऍ | ||
| 260 |
_aदिल्ली _bसुमित बुक्स _c2017 |
||
| 650 |
_aकथा _967208 |
||
| 942 |
_2ddc _cHIN |
||
| 999 |
_c56369 _d56369 |
||